John F. Kennedy Presidential Cabinet - Statistics

General Stats
  • This quiz has been taken 127 times
  • The average score is 5 of 14
Answer Stats
Cabinet Position Cabinet Member % Correct
Vice President (1961-1963) Lyndon B. Johnson
99%
Attorney General (1961-1963) Robert F. Kennedy
91%
Secretary of Defense (1961-1963) Robert McNamara
79%
Secretary of State (1961-1963) Dean Rusk
64%
Secretary of Treasury (1961-1963) C. Douglas Dillon
26%
Secretary of the Interior (1961-1963) Stewart Lee Udall
22%
Secretary of Labor (1961-1962) Arthur Goldberg
17%
Secretary of Agriculture (1961-1963) Orville Lothrop Freeman
16%
Secretary of Health, Education, and Welfare (1961-1962) Abraham Ribicoff
14%
Secretary of Labor (1962-1963) W. Willard Wirtz
14%
Secretary of Health, Education, and Welfare (1962-1963) Anthony Celebrezze
13%
Postmaster General (1961-1963) J. Edward Day
11%
Postmaster General (1963) John Gronouski
11%
Secretary of Commerce (1961-1963) Luther Hartwell Hodges
11%
No matching quizzes found
Score Distribution
Percent of People with Each Score
Percentile by Number Answered
Your Score History
You have not taken this quiz